| 000 | 00428nam a2200169Ia 4500 | ||
|---|---|---|---|
| 008 | 230711s9999||||xx |||||||||||||| ||und|| | ||
| 020 | _a978-0-19-568781-1 | ||
| 041 | _aENG | ||
| 082 |
_a629.89 _bKU-I |
||
| 100 | _aKuttan K.K,Appuu | ||
| 245 | 0 | _aIntroduction to Mechatronics | |
| 250 | _a1st Ed. | ||
| 260 |
_c2007 _aNew Delhi _bOxford University Press |
||
| 300 | _a331p. | ||
| 650 | _aMechanical Engineering | ||
| 942 | _cBK | ||
| 999 |
_c6656 _d6656 |
||